NBA Western Confrence Playoff Rosters (2025) - Statistics

General Stats
  • This quiz has been taken 24 times
    10 since last reset
  • The average score is 67 of 109
Answer Stats
GP # Player Name % Correct
14 32 Aaron Gordon
100%
23 9 Alex Caruso
100%
15 5 Anthony Edwards
100%
5 15 Austin Reaves
100%
2 9 Bronny James Jr.
100%
23 7 Chet Holmgren
100%
14 0 Christian Braun
100%
12 23 Draymond Green
100%
7 5 Fred VanVleet
100%
23 55 Isaiah Hartenstein
100%
7 40 Ivica Zubac
100%
15 3 Jaden McDaniels
100%
7 4 Jalen Green
100%
23 8 Jalen Williams
100%
14 27 Jamal Murray
100%
7 1 James Harden
100%
4 11 Jaxson Hayes
100%
17 6 Jaylin Williams
100%
3 32 Jeff Green
100%
11 10 Jimmy Butler III
100%
7 2 Kawhi Leonard
100%
16 34 Kenrich Williams
100%
5 23 LeBron James
100%
23 5 Luguentz Dort
100%
5 77 Luka Dončić
100%
14 1 Michael Porter Jr.
100%
3 19 Nate Williams
100%
14 15 Nikola Jokić
100%
15 27 Rudy Gobert
100%
5 28 Rui Hachimura
100%
23 2 Shai Gilgeous-Alexander
100%
8 30 Stephen Curry
100%
3 5 Vince Williams Jr.
100%
7 28 Alperen Şengün
88%
7 1 Amen Thompson
88%
23 22 Cason Wallace
88%
4 13 Jaren Jackson Jr.
88%
15 30 Julius Randle
88%
15 10 Mike Conley
88%
7 33 Nicolas Batum
88%
12 2 Brandin Podziemski
75%
7 55 Derrick Jones Jr.
75%
7 9 Dillon Brooks
75%
10 3 Dillon Jones
75%
15 0 Donte DiVincenzo
75%
3 12 Ja Morant
75%
12 5 Kevon Looney
75%
7 24 Norman Powell
75%
8 61 Pat Spencer
75%
22 21 Aaron Wiggins
63%
5 17 Dorian Finney-Smith
63%
5 7 Gabe Vincent
63%
10 15 Gui Santos
63%
21 11 Isaiah Joe
63%
7 10 Jabari Smith Jr.
63%
8 00 Johnathan Kuminga
63%
3 21 Kobe Brown
63%
7 8 Kris Dunn
63%
13 4 Russell Westbrook
63%
7 12 Steven Adams
63%
9 32 Trayce Jackson-Davis
63%
4 14 Zach Edey
63%
12 7 Buddy Hield
50%
2 4 Dalton Knecht
50%
7 6 DeAndre Jordan
50%
4 22 Desmond Bane
50%
5 2 Jarred Vanderbilt
50%
9 3 Julian Strawther
50%
4 10 Luke Kennard
50%
1 14 Maxi Kleber
50%
12 4 Moses Moody
50%
15 11 Naz Reid
50%
3 0 Aaron Holiday
38%
5 25 Ben Simmons
38%
7 10 Bogdan Bogdanović
38%
11 0 Gary Payton II
38%
5 5 Hunter Tyson
38%
5 22 Jaylen Clark
38%
15 9 Nickeil Alexander-Walker
38%
14 8 Peyton Watson
38%
12 21 Quinten Post
38%
3 15 Reed Sheppard
38%
4 1 Scotty Pippen Jr.
38%
12 25 Ajay Mitchell
25%
5 55 Luka Garza
25%
9 13 Ousmane Dieng
25%
3 4 Rob Dillingham
25%
7 17 Tari Eason
25%
2 27 Alex Len
13%
5 12 Braxton Key
13%
3 12 Cam Christie
13%
3 7 Cam Whitmore
13%
3 15 Drew Eubanks
13%
8 24 Jalen Pickett
13%
2 30 Jay Huff
13%
1 2 Jock Landale
13%
4 46 John Konchar
13%
4 30 Jordan Goodwin
13%
3 11 Jordan Miller
13%
5 8 Josh Minott
13%
5 31 Kevin Knox II
13%
2 8 Lamar Stevens
13%
3 33 Leonard Miller
13%
2 35 Marvin Bagley III
13%
1 88 Patty Mills
13%
2 20 Shake Milton
13%
9 00 Terrence Shannon Jr.
13%
3 31 Vlatko Čančar
13%
6 22 Zeke Nnaji
13%
No matching quizzes found
Score Distribution
Percent of People with Each Score
Percentile by Number Answered
Your Score History
You have not taken this quiz since the last reset